|
|
|
|
| LEADER |
00000nam a2200000 a 4500 |
| 001 |
vtls001275524 |
| 003 |
SK-MaSNL |
| 005 |
20260301155140.0 |
| 008 |
160414s1996 xo a y 0 slo |
| 015 |
|
|
|a SNBE1997/0100107
|
| 020 |
|
|
|a 8096722778
|
| 035 |
|
|
|a SNK000226737
|
| 040 |
|
|
|a SNK
|b slo
|c SNK
|e AACR2
|
| 041 |
0 |
|
|a slo
|
| 044 |
|
|
|a xo
|c SK
|
| 080 |
|
|
|a 73/76(084.12)=854=20=30
|2 1981
|
| 080 |
|
|
|a 069.6.02:73/76
|2 1981
|
| 110 |
0 |
|
|a Oravská galéria (Dolný Kubín, Slovensko)
|4 aut
|9 32352
|
| 245 |
1 |
|
|a Oravská galéria v Dolnom Kubíne
|c zostava a úvodný text Eva Ľuptáková ; fotografie Martin Marenčin ; preklad do angličtiny Paul Kaye ; preklad do nemčiny Simona Špániková
|
| 260 |
|
|
|a Žilina
|b Choma-Krupa
|c 1996
|
| 300 |
|
|
|a [4] s., [32] voľ. listov v prebale
|c 21x 16 cm
|
| 500 |
|
|
|a Súbež. text nem. a angl.
|
| 500 |
|
|
|a 1000 výt.
|
| 610 |
2 |
7 |
|a Oravská galéria (Dolný Kubín, Slovensko)
|9 32352
|
| 650 |
0 |
7 |
|a expozície stále
|x fotosúbory
|2 SNK
|9 519018
|
| 651 |
|
7 |
|a 5303
|2 SNK
|9 279237
|
| 655 |
|
7 |
|a fotosúbory
|2 SNK
|9 76380
|
| 700 |
1 |
|
|a Ľuptáková, Eva,
|d 1956-2025
|4 com
|9 124839
|
| 700 |
1 |
|
|a Kaye, Paul
|4 trl
|9 44754
|
| 700 |
1 |
|
|a Špániková, Simona
|4 trl
|9 47216
|
| 700 |
1 |
|
|a Marenčin, Martin,
|d 1956-
|4 pht
|9 90522
|
| 852 |
|
|
|a Akadémia umení v Banskej Bystrici
|
| 919 |
|
|
|a 80-967227-7-8
|
| 958 |
|
|
|a TL
|
| 999 |
|
|
|c 799697
|d 801627
|
| 952 |
|
|
|t P60, <09>, [BOOK], {629}
|a SNK
|b SNK
|y NEVYP
|7 0
|o snkC 296
|i snk591/970220
|0 0
|1 0
|4 0
|d 1997-02-19
|l 0
|r 2005-01-02 00:00:00
|w 2026-02-24
|
| 952 |
|
|
|t P60, <03>, [BOOK], {603}
|a SNK
|b SNK
|y PREZ
|7 0
|p 17A0036751
|o snkOSC 18576
|i snkKSP 1298/97
|0 0
|1 0
|4 0
|d 1997-02-19
|l 0
|r 2005-01-02 00:00:00
|w 2026-02-24
|
| 952 |
|
|
|t P60, <04>, [BOOK], {604}
|a SNK
|b SNK
|y VYP
|7 0
|p 17A0036752
|o snkOSC 18576 D1
|i snkKSP 1299/97
|0 0
|1 0
|4 0
|d 1997-02-19
|l 0
|r 2005-01-02 00:00:00
|w 2026-02-24
|